[Event "Stay Safe Play From Home 140"]
[Site "T#645950Emanuel Laske"]
[Date "2020.05.11"]
[Round "9"]
[White "Lamborghini"]
[Black "Little champs"]
[Result "1/2-1/2"]
[WhiteElo "2252"]
[BlackElo "2191"]
[Annotator "TA"]
[PlyCount "146"]
[EventDate "2020.05.11"]
[EventType "swiss (blitz)"]

{[%evp 11,146,16,30,22,31,12,22,22,59,16,9,13,73,9,68,0,0,-7,24,25,21,5,22,23,26,25,27,26,31,33,41,38,35,31,74,14,27,23,129,67,101,65,108,77,97,108,112,111,150,128,150,154,149,140,147,147,144,136,227,218,218,216,291,118,191,197,350,205,221,205,224,202,302,206,410,318,252,105,898,879,804,781,1224,1122,1130,921,2635,2728,4718,2939,29984,8481,29987,29979,29982,29980,29984,29985,29988,29989,29995,29996,29997,29997,29997,29993,29993,29992,29994,29992,29996,29993,29993,29994,29994,29993,29993,29989,29989,29990,29990,29991,29991,29992,29992,29993,29994,29993,29994,29992,29992,29993,29993,29993,29994,29994,29994]} 1. e4 c6 2. d4 d5 3. Nc3 dxe4 4. Nxe4 Nf6 5. Nxf6+ exf6 6. Bc4 Be7 7. Nf3 {B15: Caro-Kann: 3 Nc3: 3...g6 and 3...dxe4 4 Nxe4 Nf6 5 Nxf6+ exf6.} O-O 8. h3 {[#]} Bf5 $146 ({Predecessor:} 8... Re8 9. O-O Nd7 10. Re1 b5 11. Bd3 Nb6 12. Bf4 Be6 13. Nh4 Bf8 14. Nf5 Nd5 {½-½ (31) Sahin,H (2024)-Agdelen,H (2199) Antalya 2020}) 9. O-O {The position is equal.} h6 10. Bd3 Bxd3 11. Qxd3 Nd7 (11... Qd7 $11) 12. Bf4 (12. Nh4 $16) 12... c5 (12... Re8 $11) 13. dxc5 (13. d5 $14 Re8 14. Rae1) 13... Nxc5 $11 14. Qb5 (14. Qe2 {with more complications.} Ne6 15. Be3 Re8 16. Rfe1 Qc7 17. c3) 14... Qb6 (14... a6 {looks sharper.} 15. Qe2 Re8 16. Rad1 Qa5 17. a3 Ne6) 15. Qxb6 axb6 16. a3 Rfd8 17. Rfe1 $36 {[%mdl 2048] White fights for an advantage.} Bf8 18. Rad1 Ne6 19. Be3 Bc5 20. Bc1 b5 21. c3 Kf8 22. Kf1 b6 23. Nd2 (23. g4 $16) 23... Rd7 24. Ne4 Rc7 (24... Rad8 $11 25. Rxd7 Rxd7) 25. Rd2 (25. Nd6 $16) 25... Rac8 26. Red1 f5 27. Ng3 g6 28. Rd5 Kg7 29. Ne2 Be7 30. Nf4 Nxf4 31. Bxf4 Rc5 32. Be3 Rxd5 33. Rxd5 $16 {[%mdl 4096] Endgame KRB-KRB} Bc5 34. Ke2 Bxe3 (34... h5 $16 35. Kf3 Rc7) 35. fxe3 {KR-KR} ({Resist} 35. Kxe3 $6 Re8+ 36. Kd3 h5) 35... Re8 36. Rxb5 f4 37. Kf3 (37. Rxb6 $18 {is the precise move to win. Black must now prevent a4.} Rxe3+ 38. Kf2) 37... Rxe3+ (37... fxe3 $16 38. Ke2 f5) 38. Kxf4 $18 Re2 $2 {[#]} (38... Re6 {is a better defense.} 39. b4 Kf6) 39. Kg3 (39. Rxb6 $142 Rxg2 40. a4) 39... Re3+ 40. Kf2 Re6 41. c4 g5 (41... Kf6 $142 42. a4 Ke7) 42. c5 Re5 $2 (42... bxc5 {was called for.} 43. Rxc5 Ra6) 43. Rxb6 Rxc5 44. b4 (44. a4 $18) 44... Rc3 $2 {[%mdl 8192] This move loses the game for Black.} (44... Rc2+ $16 45. Kg1 Ra2) 45. a4 Ra3 46. a5 f5 47. a6 h5 48. b5 {[%cal Bb4b5,Bb5b6][%mdl 32]} f4 49. Rb7+ Kg6 50. a7 g4 51. hxg4 (51. Rb6+ $142 Kg5 52. Ra6 Rb3 53. a8=Q Rb2+ 54. Ke1 Kh4 55. hxg4 Rb1+ 56. Kd2) 51... hxg4 52. b6 {White mates.} g3+ 53. Ke2 Ra2+ 54. Kf3 Rf2+ 55. Kg4 f3 56. a8=Q fxg2 57. Qg8+ Kf6 58. Qf7+ Ke5 59. Re7+ Kd6 60. Qe8 Rf6 61. Qd8+ Kc5 62. Rc7+ {[%mdl 64] [#] Discovered Attack} Rc6 63. Qe7+ Kxb6 64. Rxc6+ Kxc6 65. Qe3 g1=Q 66. Qxg1 g2 67. Qxg2+ Kd6 68. Qe4 Kd7 69. Kg5 Kd6 70. Qg6+ Kc5 71. Qf6 Kc4 72. Kf4 Kd3 73. Qe7 Kc4 {[%mdl 32768] Accuracy: White = 60%, Black = 36%. . An unexpected result.} 1/2-1/2

[Event "Stay Safe Play From Home 140"]
[Site "T#645950Emanuel Laske"]
[Date "2020.05.11"]
[Round "9"]
[White "MartinKestler"]
[Black "Lazieri3"]
[Result "1/2-1/2"]
[WhiteElo "1932"]
[BlackElo "2063"]
[Annotator "TA"]
[PlyCount "118"]
[EventDate "2020.05.11"]
[EventType "swiss (blitz)"]

{[%evp 9,118,0,15,0,4,-12,-2,-3,18,0,37,12,21,28,30,25,28,16,16,0,27,0,0,-18,0,-11,0,-10,35,13,10,14,37,31,46,50,67,17,34,25,39,14,23,-12,0,3,23,23,48,41,35,33,58,23,23,23,90,90,89,89,95,89,97,0,0,0,0,0,0,0,0,0,0,0,0,0,0,0,0,0,0,0,0,0,0,0,0,0,0,0,0,0,0,0,0,0,0,0,0,0,6425,0,0,0,0,0,0,0,0,0,0]} 1. Nf3 c6 2. b3 d5 3. Bb2 Nf6 4. e3 Bf5 5. d4 {[#]} Ne4 $146 ({Predecessor:} 5... e6 6. Bd3 Nbd7 7. O-O Bd6 8. c4 Bg4 9. Nbd2 Qe7 10. Qc2 Bxf3 11. Nxf3 Ba3 {0-1 (65) Gonzalez Rodriguez,J (2422)-Cuartas,J (2537) Barcelona 2011}) 6. Be2 {A06: Réti Opening: 1 Nf3 d5.} e6 7. Nbd2 (7. c4 {seems wilder.} Bb4+ 8. Nfd2 Nd7 9. a3 Ba5 10. O-O) 7... Bd6 8. O-O Qe7 9. c4 Ba3 10. Qc1 (10. Bxa3 {is more complex.} Qxa3 11. Nh4 O-O 12. Nxe4 Bxe4 13. f3) 10... Bxb2 11. Qxb2 Nxd2 12. Nxd2 Nd7 {[%cal Bb8d7,Bd7f6,Bf6e4][%mdl 32]} 13. Nf3 O-O 14. cxd5 exd5 15. Rac1 h6 16. Qd2 Nf6 17. Bd3 Ne4 18. Qc2 Bg4 19. Bxe4 dxe4 20. Nd2 Bf5 (20... Be2 {keeps more tension.} 21. Rfe1 Bd3 22. Qc5 Qe6 23. Qb4 b6) 21. Qc5 Qxc5 22. Rxc5 Bg6 23. Re5 Rfe8 24. Rxe8+ Rxe8 $14 {[%mdl 4096] Endgame KRB-KRN} 25. Rd1 f5 26. g3 Bf7 27. Nc4 Bxc4 28. bxc4 $11 {KR-KR} Rd8 29. Rb1 b6 30. Kf1 Kf7 31. Ke2 Ke6 32. h4 g5 (32... Rb8 $11 {remains equal.}) 33. hxg5 $16 hxg5 34. Rh1 Rf8 35. Rh6+ Rf6 36. Rxf6+ (36. Rh5 $16) 36... Kxf6 {KP-KP} 37. Kd2 Ke6 38. a3 Kd6 39. a4 a6 40. Kc3 a5 41. Kd2 Ke6 42. Kc3 Kd6 43. Kd2 Kc7 44. Ke2 Kb7 45. Kd2 b5 46. cxb5 cxb5 47. axb5 Kb6 48. Kc3 Kxb5 49. Kb3 a4+ 50. Ka3 Ka5 $1 51. d5 Kb5 52. d6 {Intending d7 and mate.} Kc6 53. Kxa4 Kxd6 $11 {K3P-K3P} 54. Kb4 Kc6 $2 {[%mdl 8192] [#]} (54... Kd5 $11) 55. Kc4 $2 (55. g4 $1 $18 {[%mdl 512]} fxg4 56. Kc4) 55... g4 {The position is equal.} 56. Kd4 {Ke5 is the strong threat.} Kd6 57. Kc4 Kc6 58. Kb4 (58. Kd4 $5 {[%cal Rd4e5]} Kd6 59. Kc4 $11) 58... Kb6 59. Kc4 Kc6 {Accuracy: White = 84%, Black = 86%.} 1/2-1/2

[Event "Stay Safe Play From Home 140"]
[Site "T#645950Emanuel Laske"]
[Date "2020.05.11"]
[Round "9"]
[White "Fischer_11"]
[Black "Chase the sun"]
[Result "1-0"]
[WhiteElo "1922"]
[BlackElo "1833"]
[PlyCount "61"]
[EventDate "2020.05.11"]
[EventType "swiss (blitz)"]

1. e4 {[%emt 0:00:01]} e6 {[%emt 0:00:01]} 2. d4 {[%emt 0:00:02]} d5 {[%emt 0:00:00]} 3. exd5 {[%emt 0:00:00]} exd5 {[%emt 0:00:01]} 4. Nf3 {[%emt 0:00:01]} Bg4 {[%emt 0:00:00]} 5. g3 {[%emt 0:00:00]} Bd6 {[%emt 0:00:02]} 6. Bg2 {[%emt 0:00:00]} Ne7 {[%emt 0:00:01]} 7. O-O {[%emt 0:00:00]} O-O {[%emt 0:00:01]} 8. Re1 {[%emt 0:00:00]} Nd7 {[%emt 0:00:01]} 9. Bg5 {[%emt 0:00:01]} f6 {[%emt 0:00:01]} 10. Bf4 {[%emt 0:00:02]} Bxf4 {[%emt 0:00:02]} 11. gxf4 {[%emt 0:00:00]} Ng6 {[%emt 0:00:02]} 12. Qd3 {[%emt 0:00:01]} Nxf4 {[%emt 0:00:02]} 13. Qe3 {[%emt 0:00:01]} Nxg2 {[%emt 0:00:01]} 14. Kxg2 {[%emt 0:00:00]} f5 {[%emt 0:00:03]} 15. Ne5 {[%emt 0:00:02]} Nxe5 {[%emt 0:00:02]} 16. dxe5 {[%emt 0:00:01]} Qe7 {[%emt 0:00:02]} 17. Nc3 {[%emt 0:00:02]} c6 {[%emt 0:00:01]} 18. Ne2 {[%emt 0:00:01]} g5 {[%emt 0:00:05]} 19. f4 {[%emt 0:00:01]} gxf4 {[%emt 0:00:02]} 20. Nxf4 {[%emt 0:00:00]} Kh8 {[%emt 0:00:01]} 21. h3 {[%emt 0:00:02]} Rg8 {[%emt 0:00:04]} 22. hxg4 {[%emt 0:00:01]} Rxg4+ {[%emt 0:00:01]} 23. Kf3 {[%emt 0:00:03]} Rag8 {[%emt 0:00:00]} 24. Rg1 {[%emt 0:00:01]} Qg5 {[%emt 0:00:04]} 25. Rxg4 {[%emt 0:00:09]} Qxg4+ {[%emt 0:00:04]} 26. Kf2 {[%emt 0:00:01]} Qh4+ {[%emt 0:00:02]} 27. Ke2 {[%emt 0:00:01]} Rg4 {[%emt 0:00:04]} 28. Rf1 {[%emt 0:00:03]} Qh2+ {[%emt 0:00:02]} 29. Rf2 {[%emt 0:00:01]} Qg3 {[%emt 0:00:01]} 30. Qxg3 {[%emt 0:00:01]} Rxg3 {[%emt 0:00:00]} 31. e6 {[%emt 0:00:00] Chase the sun gibt auf (Lag: Av=0.35s, max=0.9s)} 1-0

[Event "Stay Safe Play From Home 140"]
[Site "T#645950Emanuel Laske"]
[Date "2020.05.11"]
[Round "9"]
[White "Patzeroglu"]
[Black "Onlyforchess"]
[Result "1-0"]
[WhiteElo "1855"]
[BlackElo "2562"]
[Annotator "TA"]
[PlyCount "53"]
[EventDate "2020.05.11"]
[EventType "swiss (blitz)"]

{[%evp 12,53,-33,-39,-45,-82,-20,-82,-75,-81,-72,-74,-72,-83,-60,-76,-78,-66,-62,-85,-79,-78,433,410,389,367,376,31,550,420,413,404,406,135,131,11,29990,29991,29996,29997,29998,29998,29998,29999]} 1. e4 c5 2. f4 Nc6 3. Nf3 e6 4. d4 d5 5. exd5 exd5 6. Bb5 Nf6 7. O-O Be7 {B21: Sicilian: 2 f4 and Morra Gambit.} 8. Ne5 Bd7 (8... Qb6 $17 9. Qe2 cxd4) 9. Nxd7 (9. Bxc6 $11 bxc6 10. Be3) 9... Qxd7 $17 {[#] Black is better.} 10. dxc5 $146 ({Predecessor:} 10. Be3 cxd4 11. Bxd4 O-O 12. c3 a6 13. Bxf6 Bxf6 14. Ba4 b5 15. Bc2 d4 16. Rf3 {0-1 (24) Dubertrand,B (1647)-Petit,J (1459) Saint Affrique 2014}) 10... Bxc5+ 11. Kh1 O-O 12. Nd2 a6 13. Nb3 Ba7 14. Bd3 Nb4 15. f5 Nxd3 16. cxd3 Ne4 $2 {[%mdl 8192] [#]} (16... h6 $17 {and life is bright.}) 17. dxe4 $18 Rad8 18. Qxd5 Qa4 19. Qxb7 $2 ({White should play} 19. Qa5 $18 Qxa5 20. Nxa5) 19... Bb8 $2 {[%mdl 8192]} (19... Rd7 $14 20. Nc5 Bxc5) 20. Bf4 Bxf4 21. Rxf4 Rb8 22. Qe7 $2 (22. Nc5 $18 {Strongly threatening Qxb8.} Qa5 23. Qe7) 22... Rxb3 $16 23. Qg5 (23. f6 $16 g5 24. Rf5) 23... Rd3 $2 {[%mdl 8192] [#]} (23... f6 $11 24. e5 {[%mdl 64] Discovered Attack} fxg5 25. Rxa4 Rxb2) 24. f6 {[%csl Gf6][%cal Rg5g7] White mates.} Rd1+ 25. Rf1 Rxf1+ 26. Rxf1 {[%csl Gf6][%cal Rg5g7]} g6 27. Qh6 {Accuracy: White = 64%, Black = 47%.} 1-0

[Event "Stay Safe Play From Home 140"]
[Site "T#645950Emanuel Laske"]
[Date "2020.05.11"]
[Round "9"]
[White "Chesspugnator"]
[Black "Papl"]
[Result "1-0"]
[WhiteElo "1851"]
[BlackElo "1688"]
[Annotator "NA RC"]
[PlyCount "73"]
[EventDate "2020.05.11"]
[EventType "swiss (blitz)"]

1. f4 {[%emt 0:00:03]} d5 {[%emt 0:00:03]} 2. Nf3 {[%emt 0:00:01]} Nc6 {[%emt 0:00:27]} 3. g3 {[%emt 0:00:00]} Nf6 {[%emt 0:00:01]} 4. Bg2 {[%emt 0:00:01]} g6 {[%emt 0:00:00]} 5. O-O {[%emt 0:00:01]} Bg7 {[%emt 0:00:00]} 6. d3 {[%emt 0:00:01]} O-O {[%emt 0:00:00]} 7. Qe1 {[%emt 0:00:02]} e6 {[%emt 0:00:01]} 8. e4 {[%emt 0:00:01]} dxe4 {[%emt 0:00:00]} 9. dxe4 {[%emt 0:00:00]} Nd7 {[%emt 0:00:03]} 10. c3 {[%emt 0:00:01]} Nb6 {[%emt 0:00:00]} 11. e5 {[%emt 0:00:01]} Qe7 {[%emt 0:00:01]} 12. Be3 {[%emt 0:00:01]} Bd7 {[%emt 0:00:01]} 13. Na3 {[%emt 0:00:01]} Nd5 {[%emt 0:00:02]} 14. Rd1 {[%emt 0:00:01]} a6 {[%emt 0:00:02]} 15. c4 {[%emt 0:00:03]} Nxe3 {[%emt 0:00:01]} 16. Qxe3 {[%emt 0:00:00]} Rad8 {[%emt 0:00:00]} 17. Rd2 {[%emt 0:00:02]} Bc8 {[%emt 0:00:02]} 18. Rfd1 {[%emt 0:00:00]} Rxd2 {[%emt 0:00:01]} 19. Rxd2 {[%emt 0:00:00]} Rd8 {[%emt 0:00:00]} 20. Rxd8+ {[%emt 0:00:01]} Qxd8 {[%emt 0:00:00]} 21. Qd2 {[%emt 0:00:01]} Qxd2 {[%emt 0:00:02]} 22. Nxd2 {[%emt 0:00:00]} Bf8 {[%emt 0:00:01]} 23. Nc2 {[%emt 0:00:01]} Ne7 {[%emt 0:00:01]} 24. Kf1 {[%emt 0:00:00]} Nf5 {[%emt 0:00:01]} 25. Ke2 {[%emt 0:00:00]} Bd7 {[%emt 0:00:01]} 26. b4 {[%emt 0:00:01]} c6 {[%emt 0:00:01]} 27. Ne4 {[%emt 0:00:00]} Kg7 {[%emt 0:00:01]} 28. g4 {[%emt 0:00:00]} Ne7 {[%emt 0:00:01]} 29. Nf6 {[%emt 0:00:00]} Bc8 {[%emt 0:00:02]} 30. c5 {[%emt 0:00:00]} Ng8 {[%emt 0:00:00]} 31. Nd4 {[%emt 0:00:00]} Nxf6 {[%emt 0:00:01]} 32. exf6+ {[%emt 0:00:00]} Kxf6 {[%emt 0:00:00]} 33. g5+ {[%emt 0:00:00]} Kg7 {[%emt 0:00:01]} 34. Nf5+ {[%emt 0:00:00]} exf5 {[%emt 0:00:01]} 35. Bf3 {[%emt 0:00:00]} Be7 {[%emt 0:00:00]} 36. Kf2 {[%emt 0:00:00]} h6 {[%emt 0:00:00]} 37. h4 {[%emt 0:00:00] Zeit (Lag: Av=1.24s, max=4.8s)} 1-0

[Event "Stay Safe Play From Home 140"]
[Site "T#645950Emanuel Laske"]
[Date "2020.05.11"]
[Round "9"]
[White "Emresenar"]
[Black "SoulofWolf"]
[Result "0-1"]
[WhiteElo "1681"]
[BlackElo "2166"]
[Annotator "TA"]
[PlyCount "100"]
[EventDate "2020.05.11"]
[EventType "swiss (blitz)"]

{[%evp 9,100,-8,-4,-15,-14,-17,0,0,-14,-4,-5,-8,46,9,23,-22,17,0,201,204,221,209,198,148,161,92,86,-19,9,-47,33,-25,0,0,29,-150,-66,-209,-204,-191,-157,-1003,-945,-1899,-2162,-29986,-1539,-29990,-29991,-29992,-29987,-29993,-29991,-29991,-29992,-29994,-29993,-29993,-29990,-29993,-29994,-29994,-29995,-29996,-29996,-29996,-29996,-29996,-29995,-29999,-29996,-29996,-29990,-29990,-29990,-29997,-29991,-29991,-29992,-29993,-29993,-29993,-29993,-29999,-29994,-29994,0,-29999,-29993,-29993,-29993,-29993,-29992]} 1. e4 d5 2. exd5 Nf6 3. Nc3 Nxd5 4. Nge2 g6 5. Nxd5 Qxd5 6. Nc3 {[#] B02: Alekhine's Defence: Chase Variation and lines with early Nc3.} Qd6 $146 ({Predecessor:} 6... Qd8 7. b3 Bg7 8. Bb2 O-O 9. g3 Bd7 10. Bg2 Bc6 11. Bxc6 Nxc6 12. h4 Qd6 {0-1 (26) Horvath,C (2485)-Dede,E (2225) Aggtelek 1997}) 7. Bc4 Bg7 8. O-O {The position is equal.} O-O 9. Ne4 Qc6 10. d3 Rd8 (10... Be6 $11 11. Bxe6 Qxe6) 11. Bf4 Nd7 12. Rb1 a5 {And now ...b5 would win.} 13. a4 Nb6 $2 (13... Ne5 $11 {and Black has nothing to worry.} 14. Bxe5 Bxe5) 14. Bb5 $18 Qe6 15. Bxc7 Rf8 16. Nc5 Qf6 17. Bxb6 (17. Re1 $18) 17... Qxb6 $16 18. d4 (18. Nb3 $16) 18... Bf5 19. Qf3 (19. b4 $11) 19... Rfd8 (19... Bxd4 $15 20. Ne4 f6) 20. c3 (20. Nxb7 $14 Rdc8 21. Nc5) 20... Bxb1 21. Rxb1 e5 22. Bc4 $2 (22. Nxb7 $11 Rdc8 23. dxe5) 22... Qf6 ({Black should play} 22... Qc7 $1 $17 23. Qxb7 Ra7 24. Qxc7 Rxc7) 23. Qxb7 ({White should try} 23. Qxf6 $15 Bxf6 24. dxe5 Bxe5 25. Bb5) 23... exd4 $19 24. cxd4 Rab8 $36 {[%mdl 2048] Black is really pushing.} 25. Qxb8 $2 (25. Qf3 $17) 25... Rxb8 26. Nd7 {[#]} Qf5 $1 {[%mdl 64] Double Attack} 27. Re1 {[#]} Qxd7 (27... Bxd4 $142 $1 {[%mdl 512]} 28. Rf1 Rxb2 29. Kh1 Qxd7 30. h3 Qxa4 31. Bd5 {[#]} Qb5 $1 {[%mdl 576] Double Attack} 32. Bxf7+ Kxf7 33. Rc1 Rxf2 34. Rc7+ Kf6 35. Rc1 Rf1+ {[%mdl 64] Back Rank} 36. Rxf1+ Qxf1+ 37. Kh2 Qf2 $1 {[%mdl 512]} 38. Kh1 Qg1#) 28. d5 Rxb2 29. g3 h5 30. d6 Qxd6 31. Re8+ Kh7 32. Bxf7 Rb1+ 33. Kg2 Qf6 34. Re4 Qxf7 35. Rf4 Qb7+ 36. f3 Rb2+ 37. Kh3 Qc8+ 38. g4 {[#]} Rb3 $1 39. Rf7 {[#]} Rxf3+ $1 40. Kg2 (40. Rxf3 Qxg4#) 40... Qg8 41. Rxg7+ Qxg7 42. h3 {[#]} h4 $1 43. Kxf3 Qe7 44. Kf4 Kg7 45. g5 Kf7 46. Kg4 Qc7 {[%csl Gh4][%cal Rc7g3]} 47. Kf3 Qe7 48. Kg4 $1 Qe6+ {Black mates.} 49. Kxh4 Qf5 {[%cal Rf5f4]} 50. Kg3 Qxg5+ {Quite a comeback for Black. Accuracy: White = 25%, Black = 43%.} 0-1

[Event "Stay Safe Play From Home 140"]
[Site "T#645950Emanuel Laske"]
[Date "2020.05.11"]
[Round "9"]
[White "Edmatuag"]
[Black "Pokerpapi"]
[Result "0-1"]
[WhiteElo "1667"]
[BlackElo "1489"]
[Annotator "NA RC"]
[PlyCount "62"]
[EventDate "2020.05.11"]
[EventType "swiss (blitz)"]

1. e3 {[%emt 0:00:01]} e5 {[%emt 0:00:03]} 2. b3 {[%emt 0:00:00]} d6 {[%emt 0:00:00]} 3. Bb2 {[%emt 0:00:00]} Nc6 {[%emt 0:00:01]} 4. Nc3 {[%emt 0:00:00]} h6 {[%emt 0:00:03]} 5. Nce2 {[%emt 0:00:00]} Bg4 {[%emt 0:00:02]} 6. Nf3 {[%emt 0:00:01]} Nf6 {[%emt 0:00:01]} 7. d4 {[%emt 0:00:01]} e4 {[%emt 0:00:02]} 8. Nd2 {[%emt 0:00:02]} d5 {[%emt 0:00:01]} 9. f3 {[%emt 0:00:01]} exf3 {[%emt 0:00:02]} 10. gxf3 {[%emt 0:00:00]} Bh5 {[%emt 0:00:02]} 11. Bg2 {[%emt 0:00:02]} Bd6 {[%emt 0:00:02]} 12. Nf1 {[%emt 0:00:01]} Qe7 {[%emt 0:00:05]} 13. Qd2 {[%emt 0:00:01]} Nb4 {[%emt 0:00:04]} 14. c3 {[%emt 0:00:04]} Nc6 {[%emt 0:00:02]} 15. O-O-O {[%emt 0:00:01]} Bg6 {[%emt 0:00:02]} 16. Neg3 {[%emt 0:00:03]} O-O {[%emt 0:00:02]} 17. e4 {[%emt 0:00:01]} dxe4 {[%emt 0:00:01]} 18. fxe4 {[%emt 0:00:01]} Nh5 {[%emt 0:00:02]} 19. Re1 {[%emt 0:00:05]} Bf4 {[%emt 0:00:02]} 20. Ne3 {[%emt 0:00:02]} Rad8 {[%emt 0:00:03]} 21. Qf2 {[%emt 0:00:03]} Bxg3 {[%emt 0:00:04]} 22. hxg3 {[%emt 0:00:02]} Bxe4 {[%emt 0:00:01]} 23. Bxe4 {[%emt 0:00:05]} Qxe4 {[%emt 0:00:00]} 24. Rhf1 {[%emt 0:00:03]} Qg6 {[%emt 0:00:02]} 25. Qf5 {[%emt 0:00:04]} Qd6 {[%emt 0:00:03]} 26. Qxh5 {[%emt 0:00:02]} Qxg3 {[%emt 0:00:02]} 27. Qf3 {[%emt 0:00:01]} Qg6 {[%emt 0:00:01]} 28. Nf5 {[%emt 0:00:02]} Ne7 {[%emt 0:00:01]} 29. Rg1 {[%emt 0:00:01]} Qf6 {[%emt 0:00:02]} 30. Rxg7+ {[%emt 0:00:04]} Kh8 {[%emt 0:00:00]} 31. Rgg1 {[%emt 0:00:04]} Qg5+ {[%emt 0:00:00] Time (Lag: Av=0.46s, max=0.8s)} 0-1

[Event "Stay Safe Play From Home 140"]
[Site "T#645950Emanuel Laske"]
[Date "2020.05.11"]
[Round "9"]
[White "UHU4"]
[Black "Trotsky"]
[Result "0-1"]
[WhiteElo "1507"]
[BlackElo "1582"]
[Annotator "NA RC"]
[PlyCount "64"]
[EventDate "2020.05.11"]
[EventType "swiss (blitz)"]

1. e4 {[%emt 0:00:01]} c5 {[%emt 0:00:01]} 2. Nf3 {[%emt 0:00:01]} e6 {[%emt 0:00:01]} 3. d4 {[%emt 0:00:01]} d5 {[%emt 0:00:01]} 4. exd5 {[%emt 0:00:02]} exd5 {[%emt 0:00:00]} 5. c3 {[%emt 0:00:01]} Be6 {[%emt 0:00:01]} 6. Bb5+ {[%emt 0:00:02]} Nc6 {[%emt 0:00:01]} 7. O-O {[%emt 0:00:01]} c4 {[%emt 0:00:01]} 8. Bg5 {[%emt 0:00:03]} f6 {[%emt 0:00:01]} 9. Bh4 {[%emt 0:00:01]} g5 {[%emt 0:00:01]} 10. Bg3 {[%emt 0:00:01]} Bd6 {[%emt 0:00:01]} 11. Nbd2 {[%emt 0:00:02]} Qc7 {[%emt 0:00:01]} 12. Bxc6+ {[%emt 0:00:02]} bxc6 {[%emt 0:00:01]} 13. b3 {[%emt 0:00:02]} h5 {[%emt 0:00:01]} 14. Bxd6 {[%emt 0:00:05]} Qxd6 {[%emt 0:00:01]} 15. bxc4 {[%emt 0:00:01]} Nh6 {[%emt 0:00:01]} 16. cxd5 {[%emt 0:00:02]} Bxd5 {[%emt 0:00:01]} 17. c4 {[%emt 0:00:01]} Bxf3 {[%emt 0:00:04]} 18. Qxf3 {[%emt 0:00:01]} f5 {[%emt 0:00:04]} 19. c5 {[%emt 0:00:02]} Qc7 {[%emt 0:00:01]} 20. Rfe1+ {[%emt 0:00:01]} Kd8 {[%emt 0:00:02]} 21. Qxh5 {[%emt 0:00:01]} Nf7 {[%emt 0:00:06]} 22. Qxh8+ {[%emt 0:00:06]} Nxh8 {[%emt 0:00:02]} 23. Nc4 {[%emt 0:00:01]} Kd7 {[%emt 0:00:02]} 24. Nd6 {[%emt 0:00:01]} Ng6 {[%emt 0:00:02]} 25. Re2 {[%emt 0:00:03]} Rh8 {[%emt 0:00:01]} 26. Rae1 {[%emt 0:00:02]} g4 {[%emt 0:00:08]} 27. Re6 {[%emt 0:00:01]} g3 {[%emt 0:00:04]} 28. fxg3 {[%emt 0:00:04]} f4 {[%emt 0:00:03]} 29. Rxg6 {[%emt 0:00:02]} fxg3 {[%emt 0:00:01]} 30. Rg7+ {[%emt 0:00:01]} Kd8 {[%emt 0:00:04]} 31. Rxc7 {[%emt 0:00:01]} Kxc7 {[%emt 0:00:01]} 32. hxg3 {[%emt 0:00:00]} Rd8 {[%emt 0:00:01] Tiempo (Lag: Av=0.40s, max=0.6s) .} 0-1

[Event "Stay Safe Play From Home 140"]
[Site "T#645950Emanuel Laske"]
[Date "2020.05.11"]
[Round "9"]
[White "Nagaram"]
[Black "matanant"]
[Result "0-1"]
[WhiteElo "1494"]
[BlackElo "1584"]
[Annotator "NA RC"]
[PlyCount "68"]
[EventDate "2020.05.11"]
[EventType "swiss (blitz)"]

1. e4 {[%emt 0:00:01]} e5 {[%emt 0:00:01]} 2. Nf3 {[%emt 0:00:01]} d5 {[%emt 0:00:01]} 3. exd5 {[%emt 0:00:02]} e4 {[%emt 0:00:01]} 4. Nc3 {[%emt 0:00:00]} exf3 {[%emt 0:00:03]} 5. Qxf3 {[%emt 0:00:00]} Nf6 {[%emt 0:00:02]} 6. Qe2+ {[%emt 0:00:02]} Be7 {[%emt 0:00:02]} 7. d3 {[%emt 0:00:01]} O-O {[%emt 0:00:01]} 8. Be3 {[%emt 0:00:02]} Nxd5 {[%emt 0:00:02]} 9. O-O-O {[%emt 0:00:00]} Nxc3 {[%emt 0:00:02]} 10. bxc3 {[%emt 0:00:00]} Ba3+ {[%emt 0:00:02]} 11. Kd2 {[%emt 0:00:00]} Re8 {[%emt 0:00:01]} 12. Qf3 {[%emt 0:00:04]} Nc6 {[%emt 0:00:02]} 13. Re1 {[%emt 0:00:01]} Ne5 {[%emt 0:00:03]} 14. Qg3 {[%emt 0:00:02]} Nc4+ {[%emt 0:00:02]} 15. Kd1 {[%emt 0:00:06]} Nb2+ {[%emt 0:00:02]} 16. Kd2 {[%emt 0:00:01]} Na4 {[%emt 0:00:01]} 17. Bh6 {[%emt 0:00:01]} g6 {[%emt 0:00:14]} 18. Rxe8+ {[%emt 0:00:03]} Qxe8 {[%emt 0:00:01]} 19. Qf3 {[%emt 0:00:01]} Be6 {[%emt 0:00:04]} 20. Qf6 {[%emt 0:00:02]} Bf8 {[%emt 0:00:03]} 21. Bxf8 {[%emt 0:00:02]} Qxf8 {[%emt 0:00:01]} 22. Be2 {[%emt 0:00:02]} Qa3 {[%emt 0:00:02]} 23. Rc1 {[%emt 0:00:03]} c5 {[%emt 0:00:01]} 24. Qg5 {[%emt 0:00:03]} b5 {[%emt 0:00:01]} 25. Qxc5 {[%emt 0:00:02]} Qxc5 {[%emt 0:00:02]} 26. d4 {[%emt 0:00:01]} Qxc3+ {[%emt 0:00:01]} 27. Kd1 {[%emt 0:00:01]} Rd8 {[%emt 0:00:00]} 28. Bd3 {[%emt 0:00:02]} Rxd4 {[%emt 0:00:00]} 29. f3 {[%emt 0:00:01]} Rxd3+ {[%emt 0:00:00]} 30. cxd3 {[%emt 0:00:00]} Qxd3+ {[%emt 0:00:01]} 31. Ke1 {[%emt 0:00:01]} Bc4 {[%emt 0:00:00]} 32. Rc2 {[%emt 0:00:02]} Qf1+ {[%emt 0:00:01]} 33. Kd2 {[%emt 0:00:02]} Qe2+ {[%emt 0:00:00]} 34. Kc1 {[%emt 0:00:02]} Qe1# {[%emt 0:00:01] (Lag: Av=0.82s, max=1.4s)} 0-1